000 00473nam a2200169 a 4500
001 000009963
005 20200929161800.0
008 091002s19uu sp 000 0 spa d
040 _aDO-SdBNP
_bspa
_cBNPHU
082 _axxx
_bG752h
100 1 _aGrandet, Eugenia
_924908
245 1 0 _aHonorato de Balzac /
_cEugenia Grandet, César Birotteau.
260 _aEspaña :
_bBruguera,
_c19uu.
300 _a672 p. ;
_c19 cm.
700 1 _aBirotteau, César
_924909
049 _aBNPD
999 _c9722
_d9722